Wanita Malaysia : harapan dan cabaran

Bibliographic Details
Main Author: Nik Safiah Karim , 1959- (Author)
Format: Book
Published: Kuala Lumpur : 'K' Publishing Distributors Sdn. Bhd. , 1990
Subjects:

MARC

LEADER 00000cam a2200000 7i4500
001 0000002789
005 20180508093000.0
008 021118n
020 |a 9838520837 
090 0 0 |a HQ1750.6   |b .S2 
100 0 |a Nik Safiah Karim ,   |d 1959- ,   |e author 
245 0 0 |a Wanita Malaysia :   |b harapan dan cabaran   |c Nik Safiah Karim 
260 2 |a Kuala Lumpur :   |b 'K' Publishing Distributors Sdn. Bhd. ,   |c 1990 
300 |a xii, 127 ms. ; ;   |c 22 sm. 
650 0 |a Women   |z Malaysia 
999 |a 1000026204   |b Book   |c OPEN SHELF (30 DAYS)   |e Gong Badak Campus 
999 |a 1000056623   |b Book   |c OPEN SHELF (30 DAYS)   |e Gong Badak Campus 
999 |a 1000124570   |b Book   |c OPEN SHELF (30 DAYS)   |e Gong Badak Campus